000 00431nab a2200145Ia 4500
003 ES-SlBCS
005 20210601132859.0
008 140529s1975 xxu||||| |||| 00| 0 ita d
041 _aita
100 1 _aPolato, F.
_9199756
245 0 0 _aPietro Piovani e il problema morale
_c F. Polato
600 1 _aPiovani, Pietro-Moral
_9199757
773 0 _tGiornali di Metafisica
_gvol. 30, nº. 1, 1975, págs. 59-86
_w0017-0372
942 _cAR
999 _c587118
_d587118